000 00625nam a2200205 a 4500
999 _c2552
_d2552
001 2552
003 BD-JhCC
005 20180301191851.0
008 171104b1977 bg ||||| |||| 00| 0 ben d
035 _a(BD-JhCC)
040 _aBD-JhCC
_dBD-JhCC
041 _aben
082 _a891.4435
_bBEG 1977
100 _aবেগম, হুরাতন নেছা
245 _aতুষার রাণী /
_cহুরাতন নেছা বেগম
260 _aঢাকা :
_bমুক্তধারা ;
_c১৯৭৭
300 _a৬৩ পৃ. ;
_c২০ সেমি
650 _aShort stories
942 _2ddc
_cBK